[Event "Lansing (MI Op/5/8)"]
[Site "?"]
[Date "1996.??.??"]
[Round "?"]
[White "Finegold, Ron"]
[Black "Eagle, Chris"]
[Result "0-1"]
[WhiteElo "2180"]
[BlackElo "2115"]
[PlyCount "66"]
[EventDate "1996.??.??"]

{5/(8)} 1. Nf3 Nc6 2. d4 d5 3. Bf4 Nf6 4. e3 Bg4 5. h3 Bh5 6. c4 e6 7. Nc3 Bd6
8. Bxd6 Qxd6 9. c5 Qe7 10. g4 Bg6 11. Bb5 h5 12. Ne5 Kf8 13. Bxc6 bxc6 14. Rg1
Nd7 15. Nxc6 Qh4 16. Qf3 hxg4 17. hxg4 Nf6 18. O-O-O Qh7 19. Rg3 Qh2 20. Ne5
Ke7 21. Qf4 Nd7 22. Nxg6+ fxg6 23. Rf1 Raf8 24. Qg5+ Rf6 25. c6 Nb6 26. Nd1 Kd6
27. e4 Kxc6 28. Rc3+ Kb7 29. f4 Qe2 30. Qe5 Nc4 31. Rf2 Qxf2 32. Nxf2 Nxe5 33.
dxe5 Rxf4 0-1

[Event "Lansing (MI Op/3/3)"]
[Site "?"]
[Date "1996.??.??"]
[Round "?"]
[White "Finegold, Ron"]
[Black "Ciaffone, Bob"]
[Result "1-0"]
[WhiteElo "2180"]
[BlackElo "2240"]
[PlyCount "23"]
[EventDate "1996.??.??"]

{3/(3)} 1. Nf3 Nf6 2. c4 e6 3. g3 d5 4. Bg2 c5 5. cxd5 Nxd5 6. O-O Be7 7. d4
Nc6 8. dxc5 Bxc5 9. Qc2 Qe7 10. e4 Nb6 11. e5 Nb4 12. Qe4 {[Remainder
illegible; 1-0, 51?]} 1-0

[Event "Kalamazoo (Mini-Swiss.1/3)"]
[Site "?"]
[Date "1996.??.??"]
[Round "?"]
[White "Ferguson, G."]
[Black "Williams, Ken"]
[Result "0-1"]
[WhiteElo "1840"]
[BlackElo "1900"]
[PlyCount "74"]
[EventDate "1996.??.??"]

{1/(3)} 1. d4 Nf6 2. Bg5 e6 3. e4 h6 4. Bxf6 Qxf6 5. e5 Qe7 6. c3 g6 7. Bd3 Bg7
8. Ne2 d6 9. f4 Qh4+ 10. g3 Qe7 11. Nd2 Bd7 12. Qb3 Bc6 13. Rg1 b6 14. O-O-O
Nd7 15. Qc4 Nb8 16. g4 Bb7 17. f5 Ba6 18. Qa4+ Qd7 19. Qxd7+ Kxd7 20. fxe6+
fxe6 21. Bxa6 Nxa6 22. Nf4 g5 23. Nh5 Rhg8 24. Ne4 Ke7 25. exd6+ cxd6 26. Nxg7
Rxg7 27. Rde1 Rf7 28. Rg2 Raf8 29. Ng3 Rf2 30. Rxf2 Rxf2 31. Nf5+ Kd7 32. Nxh6
Rf6 33. h4 Rxh6 34. hxg5 Rg6 35. Rh1 Rxg5 36. Rh7+ Kc6 37. Rxa7 Ra5 {
[Remainder illegible; 0-1, 52?]} 0-1

[Event "Kalamazoo (Swiss/2/2)"]
[Site "?"]
[Date "1996.??.??"]
[Round "?"]
[White "Ferguson, G."]
[Black "Sokhanvari, S."]
[Result "1-0"]
[WhiteElo "1825"]
[BlackElo "1605"]
[PlyCount "55"]
[EventDate "1996.??.??"]

{2/(2)} 1. d4 Nf6 2. Bg5 d5 3. Bxf6 gxf6 4. e3 Rg8 5. Qh5 h6 6. c4 c6 7. Nc3
Bg4 8. Qh4 Qa5 9. h3 Bf5 10. a3 Nd7 11. Qf4 e6 12. c5 O-O-O 13. b4 Qc7 14. Qf3
a6 15. Nge2 Be7 16. Nc1 Be4 17. Nxe4 dxe4 18. Qxe4 e5 19. Nb3 exd4 20. Nxd4 Ne5
21. f4 Nd7 22. Bc4 Nxc5 23. bxc5 Qa5+ 24. Ke2 Bxc5 25. Nb3 Qb6 26. Qf5+ Kb8 27.
Qxc5 Qc7 28. Kf2 1-0

[Event "Kalamazoo (MI Am/3/2)"]
[Site "?"]
[Date "1996.??.??"]
[Round "?"]
[White "Ferguson, G."]
[Black "Skidmore, Jennifer"]
[Result "1-0"]
[WhiteElo "1825"]
[BlackElo "1905"]
[PlyCount "171"]
[EventDate "1996.??.??"]

{3/(2)} 1. d4 d5 2. Nf3 Nf6 3. c4 e6 4. Nc3 c6 5. cxd5 exd5 6. Bg5 Bb4 7. Rc1
Bf5 8. e3 Nbd7 9. Bd3 Bg4 10. O-O h6 11. Bh4 O-O 12. a3 Bd6 13. b4 a6 14. Rb1
Qc7 15. Bg3 Bxg3 16. hxg3 Nh7 17. a4 Ng5 18. b5 axb5 19. axb5 Ra3 20. Rc1 Qd6
21. Be2 Nxf3+ 22. Bxf3 Bf5 23. bxc6 bxc6 24. Nb1 Ra2 25. Qb3 Rfa8 26. Nc3 R2a3
27. Qd1 Nb6 28. e4 Bg6 29. exd5 Qb4 30. Nb1 Rd3 31. Qe1 Qxd4 32. dxc6 Nc4 33.
Qb4 Ne5 34. Qb7 Nxf3+ 35. gxf3 Re8 36. c7 Bf5 37. c8=Q Bxc8 38. Rxc8 Rxc8 39.
Qxc8+ Kh7 40. Qf5+ Kg8 41. Re1 g6 42. Qe4 Qd6 43. Qe8+ Kg7 44. Qe4 Kg8 45. Kg2
Kg7 46. Qe5+ Kg8 47. Qxd6 Rxd6 48. Re7 Kf8 49. Rc7 Kg7 50. Nc3 Re6 51. Nd5 g5
52. Nc3 Kg6 53. Rd7 f5 54. Nd5 Ra6 55. Rb7 Ra5 56. Ne7+ Kf6 57. Ng8+ Kg6 58.
Rb6+ Kg7 59. Nxh6 f4 60. g4 Ra8 61. Nf5+ Kf7 62. Rh6 Rg8 63. Nd6+ Ke7 64. Ne4
Kf7 65. Rh5 Ke6 66. Rxg5 Rh8 67. Rf5 Rg8 68. Rxf4 Ke5 69. Kg3 Rh8 70. Rf5+ Kd4
71. g5 Rg8 72. Rf6 Ke5 73. Kg4 Rg7 74. Ng3 Rg8 75. f4+ Kd5 76. f5 Ke5 77. f4+
Kd5 78. g6 Kd4 79. Rf7 Ke3 80. g7 Kf2 81. f6 Kg2 82. Rf8 Rxf8 83. gxf8=Q Kf2
84. Qc5+ Kg2 85. Qe3 Kh2 86. Qf2# 1-0

[Event "Kalamazoo (Mini-Swiss.1/2)"]
[Site "?"]
[Date "1996.??.??"]
[Round "?"]
[White "Ferguson, G."]
[Black "Semerciyan, Mike"]
[Result "1-0"]
[WhiteElo "1840"]
[BlackElo "1900"]
[PlyCount "138"]
[EventDate "1996.??.??"]

{1/(2)} 1. d4 d5 2. Nf3 Nf6 3. Bf4 c6 4. e3 Bg4 5. Nbd2 e6 6. h3 Bxf3 7. Nxf3
Nbd7 8. Bd3 Be7 9. O-O O-O 10. c4 c5 11. Qb3 Nb6 12. dxc5 Bxc5 13. Rfd1 Qe7 14.
Rac1 Rfc8 15. cxd5 Nfxd5 16. Bg5 f6 17. e4 Nb4 18. Rxc5 Rxc5 19. Qxb4 fxg5 20.
e5 Rac8 21. Qg4 g6 22. Nxg5 Rxe5 23. f4 Re3 24. Bb1 Re8 25. Kh2 Nd5 26. Nxh7
Qxh7 27. Bxg6 Qg7 28. Bxe8 Qxg4 29. hxg4 Nxf4 30. Rd8 Kg7 31. Rd7+ Kf6 32. Rxb7
Re2 33. Bc6 a5 34. Bf3 Rd2 35. Rb5 e5 36. Rxa5 Rxb2 37. Ra8 Nd3 38. a4 Nc5 39.
a5 e4 40. Bxe4 Nxe4 41. a6 Ra2 42. a7 Kg7 43. Re8 Rxa7 44. Rxe4 Ra3 45. Rc4 Kg6
46. Re4 Ra2 47. Kg3 Rb2 48. Re3 Ra2 49. Kf3 Ra1 50. g3 Rf1+ 51. Kg2 Ra1 52. Re5
Ra3 53. g5 Ra4 54. Kh3 Rb4 55. g4 Rb1 56. Rc5 Ra1 57. Kh4 Rh1+ 58. Kg3 Rg1+ 59.
Kf3 Rf1+ 60. Kg2 Rf4 61. Kg3 Rf1 62. Re5 Rg1+ 63. Kf3 Rf1+ 64. Kg2 Rf4 65. Kg3
Rf1 66. Re2 Kxg5 67. Re5+ Kg6 68. Re2 Rg1+ 69. Rg2 Ra1 1-0

[Event "Kalamazoo (MI Am/4/1)"]
[Site "?"]
[Date "1996.??.??"]
[Round "?"]
[White "Ferguson, G."]
[Black "Robbins, Fred"]
[Result "0-1"]
[WhiteElo "1825"]
[BlackElo "1920"]
[PlyCount "60"]
[EventDate "1996.??.??"]

{4/(1)} 1. d4 Nf6 2. Bg5 b6 3. Bxf6 gxf6 4. e4 Bb7 5. Nd2 Rg8 6. Qh5 h6 7.
O-O-O a5 8. Bc4 e6 9. f4 a4 10. d5 Qe7 11. a3 Na6 12. Ngf3 Rxg2 13. dxe6 dxe6
14. Bb5+ c6 15. Nc4 Rd8 16. Nh4 Rg8 17. Bxa6 Bxa6 18. Nxb6 Qc7 19. Rxd8+ Qxd8
20. Nxa4 Qd4 21. Qa5 Rg1+ 22. Rxg1 Qxg1+ 23. Kd2 Qf2+ 24. Kc1 Qf1+ 25. Kd2 Qe2+
26. Kc1 Qf1+ 27. Kd2 Qxf4+ 28. Kd1 Qg4+ 29. Kd2 Qg5+ 30. Kd1 Qxa5 0-1

[Event "Kalamazoo (MI Am/1/12)"]
[Site "?"]
[Date "1996.??.??"]
[Round "?"]
[White "Ferguson, G."]
[Black "Dumas, Steve"]
[Result "1-0"]
[WhiteElo "1825"]
[BlackElo "1605"]
[PlyCount "67"]
[EventDate "1996.??.??"]

{1/(12)} 1. d4 Nf6 2. Bg5 e6 3. e4 h6 4. Bxf6 Qxf6 5. e5 Qe7 6. Qd2 b6 7. Nf3
Bb7 8. Be2 Na6 9. c4 c5 10. d5 exd5 11. cxd5 Nb4 12. Nc3 O-O-O 13. a3 Na6 14.
d6 Qe8 15. O-O f6 16. Rfe1 fxe5 17. Nxe5 Qxe5 18. Bxa6 Qxd6 19. Qe2 Qc6 20.
Bxb7+ Qxb7 21. Rad1 d5 22. Nxd5 Bd6 23. Qe6+ Kb8 24. Nc3 Qd7 25. Qg6 h5 26. h3
Rh6 27. Qe4 g5 28. a4 a6 29. Qc4 Ka7 30. Ne4 Qe6 31. Nxd6 Qxc4 32. Nxc4 Rb8 33.
Rd7+ Ka8 34. Ree7 1-0

[Event "Kalamazoo (Swiss/4/1)"]
[Site "?"]
[Date "1996.??.??"]
[Round "?"]
[White "Ferguson, G."]
[Black "Brown, Dan"]
[Result "1-0"]
[WhiteElo "1825"]
[BlackElo "1870"]
[PlyCount "97"]
[EventDate "1996.??.??"]

{4/(1)} 1. d4 Nf6 2. Bg5 e6 3. e4 Be7 4. Nd2 h6 5. e5 hxg5 6. exf6 Bxf6 7. Ne4
d5 8. Nxf6+ gxf6 9. Qd2 Nc6 10. Bb5 Bd7 11. Ne2 a6 12. Ba4 Qe7 13. O-O-O Qb4
14. Nc3 O-O-O 15. a3 Qd6 16. g3 Ne7 17. Bxd7+ Qxd7 18. f4 Rdg8 19. Rhf1 Nf5 20.
Rf2 g4 21. Qe2 Rh3 22. Kb1 c6 23. Na4 Nd6 24. Nb6+ Kc7 25. Nxd7 Kxd7 26. Qe1
Ne4 27. Re2 f5 28. Rd3 Rgh8 29. Rb3 b5 30. Ka2 c5 31. dxc5 Nxc5 32. Rc3 Ne4 33.
Rd3 Rxh2 34. Rxh2 Rxh2 35. Qg1 Rxc2 36. Qa7+ Ke8 37. Qxa6 Rc5 38. Qb6 Ke7 39.
Re3 Rc4 40. Qxb5 Kf6 41. a4 Nc5 42. a5 Ra4+ 43. Ra3 Rc4 44. a6 Ne4 45. a7 Nd2
46. a8=Q d4 47. Qe5+ Kg6 48. Qg8+ Kh6 49. Qeh8# 1-0

[Event "Detroit (WCO/1/1)"]
[Site "?"]
[Date "1996.??.??"]
[Round "?"]
[White "Felton, H."]
[Black "Thompson, Dexter"]
[Result "0-1"]
[WhiteElo "1605"]
[BlackElo "2325"]
[PlyCount "72"]
[EventDate "1996.??.??"]

{1/(1)} 1. d4 Nf6 2. c4 e5 3. e3 e4 4. Nc3 c6 5. Qc2 d5 6. cxd5 cxd5 7. Bb5+
Bd7 8. Ba4 Bxa4 9. Qxa4+ Nc6 10. Nge2 Bd6 11. O-O O-O 12. Bd2 a6 13. Qb3 b5 14.
Nxd5 Nxd5 15. Qxd5 Bxh2+ 16. Kxh2 Qxd5 17. Nf4 Qd6 18. Rac1 Rac8 19. b3 f5 20.
Rc5 Nxd4 21. Rd5 Qh6+ 22. Kg1 g5 23. exd4 gxf4 24. f3 e3 25. Bb4 Rc2 26. Bxf8
Kxf8 27. Rxf5+ Kg7 28. Rc5 Rxc5 29. dxc5 Qh4 30. Rd1 e2 31. Rd7+ Kf8 32. Rd8+
Qxd8 33. Kf2 Qd2 34. Kg1 Qe1+ 35. Kh2 Qg3+ 36. Kg1 e1=R# 0-1

[Event "Detroit (WCO/5/20)"]
[Site "?"]
[Date "1996.??.??"]
[Round "?"]
[White "Felton, H."]
[Black "Goode, Randy"]
[Result "1-0"]
[WhiteElo "1605"]
[BlackElo "1605"]
[PlyCount "45"]
[EventDate "1996.??.??"]

{5/(20)} 1. d4 d5 2. c4 c6 3. Nc3 Nf6 4. Nf3 Bg4 5. e3 e6 6. cxd5 cxd5 7. Be2
Nc6 8. O-O Qc7 9. h3 O-O-O 10. Bd2 Bxf3 11. Bxf3 e5 12. Rc1 exd4 13. exd4 Nxd4
14. Nb5 Qxc1 15. Qxc1+ Kb8 16. Bf4+ Ka8 17. Nc7+ Kb8 18. Ne6+ Ka8 19. Nxd8 a6
20. Re1 Bb4 21. Re7 Rxd8 22. Qc7 Rb8 23. Qxb8# 1-0

[Event "Detroit (Class DE/5/13)"]
[Site "?"]
[Date "1996.??.??"]
[Round "?"]
[White "Felton, H."]
[Black "Crysler, Jerry"]
[Result "0-1"]
[WhiteElo "1605"]
[BlackElo "1605"]
[PlyCount "70"]
[EventDate "1996.??.??"]

{5/(13)} 1. d4 e6 2. c4 d6 3. Nc3 Ne7 4. Nf3 Ng6 5. e3 Be7 6. Bd3 O-O 7. O-O
Nd7 8. e4 Nh4 9. d5 Nxf3+ 10. Qxf3 Ne5 11. Qe2 Nxd3 12. Qxd3 e5 13. Be3 f5 14.
f3 f4 15. Bf2 Bh4 16. Qd2 Qg5 17. Bxh4 Qxh4 18. Qf2 Qg5 19. g4 fxg3 20. Qxg3
Qh6 21. Rad1 Rf6 22. Kh1 Rg6 23. Qf2 Bh3 24. Rg1 Rf8 25. Rxg6 hxg6 26. b4 Bg4
27. Rd3 Qh3 28. Kg1 Bxf3 29. Qg3 Qh5 30. Re3 Rf4 31. h3 g5 32. c5 Bg4 33. Nb5
Bxh3 34. Qxh3 Qd1+ 35. Kh2 Rf2+ 0-1

[Event "Detroit (Class DE/2/13)"]
[Site "?"]
[Date "1996.??.??"]
[Round "?"]
[White "Felton, H."]
[Black "Cowans, Winston"]
[Result "1/2-1/2"]
[WhiteElo "1605"]
[BlackElo "1605"]
[PlyCount "107"]
[EventDate "1996.??.??"]

{2/(13)} 1. d4 Nf6 2. c4 e6 3. Nc3 Bb4 4. Qc2 c5 5. Nf3 cxd4 6. Nxd4 O-O 7. e3
b6 8. Bd3 Bb7 9. O-O Qc7 10. Bd2 Bxc3 11. Bxc3 Ng4 12. g3 e5 13. Nb5 Qc6 14.
Be4 Qh6 15. h4 Nxe3 16. fxe3 Qxe3+ 17. Kh2 Bxe4 18. Rae1 Qxg3+ 19. Kxg3 Bxc2
20. Nc7 f5 21. Bxe5 Nc6 22. Nxa8 Rxa8 23. Bc3 Rf8 24. Rf2 Be4 25. Rd1 Rf7 26.
Rdd2 Nd8 27. a3 Ne6 28. Be5 g5 29. hxg5 Nxg5 30. Bf4 Ne6 31. Rd1 Rg7+ 32. Kh3
Bc6 33. Kh2 Rg4 34. Rg1 h5 35. Rxg4+ hxg4 36. Bg3 Ng5 37. Rxf5 Nf3+ 38. Rxf3
Bxf3 39. Kg1 a6 40. b4 b5 41. cxb5 axb5 42. Kf2 Kf7 43. Ke3 Ke6 44. Kd4 Bc6 45.
Kc5 Kf5 46. Kd4 Bf3 47. Kc5 Be2 48. Kd5 Bc4+ 49. Kd4 d5 50. Ke3 Kg5 51. Kd4 Kh5
52. Ke3 Kg6 53. Kd4 Kf5 54. Ke3 1/2-1/2

[Event "Detroit (WCO/3/24)"]
[Site "?"]
[Date "1996.??.??"]
[Round "?"]
[White "Felton, H."]
[Black "Akinlua, K."]
[Result "1-0"]
[WhiteElo "1605"]
[BlackElo "1605"]
[PlyCount "81"]
[EventDate "1996.??.??"]

{3/(24)} 1. d4 d5 2. c4 Nf6 3. Nc3 Bf5 4. Nf3 e6 5. Bg5 Bb4 6. e3 Bxc3+ 7. bxc3
dxc4 8. Bxc4 O-O 9. O-O Be4 10. Bd3 Bxf3 11. Qxf3 Nc6 12. Rab1 b6 13. Bxf6 gxf6
14. Qxc6 Kh8 15. Qe4 f5 16. Qe5+ f6 17. Qg3 Rg8 18. Qf3 Qe7 19. Rb3 Qg7 20. g3
e5 21. Bxf5 Rae8 22. Rc1 Qg5 23. Bd3 e4 24. Bxe4 h5 25. h4 Qg4 26. Qxg4 Rxg4
27. Bg2 c5 28. Rcb1 c4 29. Rb5 Re6 30. Rxh5+ Kg8 31. Rbb5 a6 32. Rbd5 b5 33.
Rd7 Kf8 34. Bh3 Ree4 35. Bxg4 Rxg4 36. Rh8+ Rg8 37. Rxg8+ Kxg8 38. Rd6 b4 39.
cxb4 c3 40. Rc6 c2 41. Rxc2 1-0

[Event "Lansing (MOR/2/32)"]
[Site "?"]
[Date "1996.??.??"]
[Round "?"]
[White "Feguer, Mike"]
[Black "Moore, Robert"]
[Result "1-0"]
[WhiteElo "1605"]
[BlackElo "1720"]
[PlyCount "79"]
[EventDate "1996.??.??"]

{2/(32)} 1. e4 c5 2. Nf3 d6 3. d4 cxd4 4. Nxd4 Nf6 5. Nc3 a6 6. Bc4 e6 7. Nf3
Be7 8. Bg5 Nbd7 9. O-O b5 10. Bd3 O-O 11. Qd2 Bb7 12. a3 Nc5 13. b4 Ncxe4 14.
Bxe4 Nxe4 15. Nxe4 Bxe4 16. Bxe7 Qxe7 17. Ng5 Bd5 18. Qf4 Rac8 19. Rac1 Rc4 20.
Qe3 Rfc8 21. c3 h6 22. Nf3 Re4 23. Qd3 Qf6 24. Nd2 Rg4 25. g3 Rg6 26. Ne4 Bxe4
27. Qxe4 d5 28. Qe3 e5 29. Rfd1 Qe6 30. Qf3 e4 31. Qf4 Qd6 32. Qf5 Rd8 33. a4
Rf6 34. Qh5 Rf3 35. c4 bxc4 36. Rxc4 Qb6 37. Rcd4 Rd6 38. a5 Rdf6 39. axb6 Rxb6
40. Qxd5 1-0

[Event "Lansing (MOR/6/30)"]
[Site "?"]
[Date "1996.??.??"]
[Round "?"]
[White "Feguer, Mike"]
[Black "Iyer, Krishnan"]
[Result "0-1"]
[WhiteElo "1605"]
[BlackElo "1605"]
[PlyCount "64"]
[EventDate "1996.??.??"]

{6/(30)} 1. e4 c5 2. Nf3 Nc6 3. d4 cxd4 4. Nxd4 Nf6 5. Nc3 d6 6. Bb5 a6 7. Nxc6
bxc6 8. Bxc6+ Bd7 9. Bxa8 Qxa8 10. Nd5 Nxd5 11. exd5 g6 12. O-O Bg7 13. Qe2 Qc8
14. Re1 e5 15. Bg5 f6 16. Be3 g5 17. Qh5+ Kf8 18. Rad1 Bg4 19. Qxg4 Qxg4 20.
Rb1 f5 21. h3 Qc4 22. Rec1 f4 23. Bd2 h5 24. b3 Qe4 25. c4 Kf7 26. b4 Rc8 27.
c5 dxc5 28. bxc5 Qxd5 29. Rb6 Qxd2 30. Rb7+ Kg8 31. Rc4 Qd5 32. Ra4 Qxb7 0-1

[Event "Lansing (MOR/4/39)"]
[Site "?"]
[Date "1996.??.??"]
[Round "?"]
[White "Feguer, Mike"]
[Black "Holladay, Jason"]
[Result "0-1"]
[WhiteElo "1605"]
[BlackElo "1605"]
[PlyCount "50"]
[EventDate "1996.??.??"]

{4/(39)} 1. e4 e5 2. Nf3 Nc6 3. Bc4 Bc5 4. d3 Nf6 5. Ng5 O-O 6. Nc3 Bb4 7. O-O
Bxc3 8. bxc3 h6 9. Nf3 d6 10. h3 Be6 11. Bxe6 fxe6 12. d4 exd4 13. cxd4 Nxe4
14. Qe2 d5 15. Ba3 Re8 16. c4 Qf6 17. Rfd1 Nc3 18. Qd2 Nxd1 19. Rxd1 Rad8 20.
Bb2 b6 21. cxd5 exd5 22. Ne5 Nxe5 23. dxe5 Qe6 24. Re1 c5 25. Qf4 d4 0-1

[Event "Cadillac Open/1a/7"]
[Site "?"]
[Date "1996.??.??"]
[Round "?"]
[White "Feguer, Mike"]
[Black "Egerton, J."]
[Result "0-1"]
[WhiteElo "1605"]
[BlackElo "1920"]
[PlyCount "66"]
[EventDate "1996.??.??"]

1. e4 c5 2. Nf3 d6 3. d4 cxd4 4. Nxd4 Nf6 5. Nc3 a6 6. Bc4 e6 7. Be3 Nbd7 8.
Qd2 Nc5 9. f3 b5 10. Bd3 Qc7 11. f4 Be7 12. e5 dxe5 13. fxe5 Qxe5 14. Nc6 Nxd3+
15. Qxd3 Qc7 16. Nd4 O-O 17. Ne4 Bb7 18. Nxf6+ Bxf6 19. Qf1 Qe5 20. Qf4 Qxf4
21. Bxf4 Bxd4 22. O-O-O e5 23. Bd2 Bxg2 24. Rhg1 Bxg1 25. Rxg1 Be4 26. Bh6 Bg6
27. Be3 Rac8 28. c3 Rfd8 29. h4 Rd3 30. Bb6 b4 31. Rd1 bxc3 32. Rxd3 cxb2+ 33.
Kxb2 Bxd3 0-1

[Event "Cadillac Open/3/19"]
[Site "?"]
[Date "1996.??.??"]
[Round "?"]
[White "Feguer, Mike"]
[Black "Bezak, C."]
[Result "1-0"]
[WhiteElo "1605"]
[BlackElo "1605"]
[PlyCount "53"]
[EventDate "1996.??.??"]

{3/19} 1. e4 e6 2. Nf3 d5 3. exd5 exd5 4. Nc3 Bb4 5. Be2 Bxc3 6. dxc3 Nf6 7. c4
O-O 8. cxd5 Nxd5 9. O-O Nb4 10. Bd2 N8c6 11. a3 Nd5 12. Bd3 Bg4 13. c3 Ne5 14.
Be4 Nxf3+ 15. Bxf3 Bxf3 16. Qxf3 c6 17. Qg3 g6 18. Bh6 Re8 19. Rfe1 Qc7 20. Qf3
Qd8 21. c4 Nb6 22. Qc3 f6 23. Rxe8+ Qxe8 24. Qxf6 Qd7 25. b3 Re8 26. h3 Re6 27.
Qf8# 1-0

[Event "Cadillac Open/5/21"]
[Site "?"]
[Date "1996.??.??"]
[Round "?"]
[White "Feguer, Mike"]
[Black "Beyer, B."]
[Result "1-0"]
[WhiteElo "1605"]
[BlackElo "1605"]
[PlyCount "61"]
[EventDate "1996.??.??"]

{5/21} 1. e4 e5 2. Nf3 Nf6 3. Nxe5 Nxe4 4. Qe2 d5 5. Nc3 Nc6 6. Nxe4 Nxe5 7.
Ng3 Bd6 8. d4 Bb4+ 9. c3 Bd6 10. dxe5 Bxe5 11. Qxe5+ Be6 12. Nf5 f6 13. Qxe6+
Kf8 14. Bd3 Qe8 15. Qxe8+ Rxe8+ 16. Be3 g6 17. Ng3 Kg7 18. O-O Rd8 19. c4 dxc4
20. Bxc4 Rd6 21. Bf4 Rd4 22. Bxc7 Rxc4 23. Rac1 b5 24. Rxc4 bxc4 25. Ne4 Rc8
26. Bf4 Kf8 27. Nd6 Rc5 28. Re1 f5 29. Nxf5 gxf5 30. Bd6+ Kf7 31. Bxc5 1-0

[Event "Cadillac Open/1a/11"]
[Site "?"]
[Date "1996.??.??"]
[Round "?"]
[White "Feguer, Dan"]
[Black "Spangler, Richard"]
[Result "0-1"]
[WhiteElo "1605"]
[BlackElo "1605"]
[PlyCount "32"]
[EventDate "1996.??.??"]

1. e4 d5 2. e5 c5 3. Bb5+ Bd7 4. Bxd7+ Qxd7 5. Nc3 Nc6 6. Nf3 e6 7. d3 Nge7 8.
Bg5 Ng6 9. O-O Ngxe5 10. Nxe5 Nxe5 11. Bf4 Ng6 12. Bd2 a6 13. Ne2 Bd6 14. c4
Bc7 15. cxd5 Qd6 16. a3 Qxh2# 0-1

[Event "Cadillac Open/5/22"]
[Site "?"]
[Date "1996.??.??"]
[Round "?"]
[White "Feguer, Dan"]
[Black "Nikitin, Matt"]
[Result "0-1"]
[WhiteElo "1605"]
[BlackElo "1605"]
[PlyCount "30"]
[EventDate "1996.??.??"]

{5/22} 1. d4 d5 2. e3 Nc6 3. Bb5 Bd7 4. e4 dxe4 5. Nc3 Nf6 6. Bxc6 Bxc6 7. f3
exf3 8. Nxf3 Bxf3 9. Qxf3 Qxd4 10. Qxb7 Rd8 11. Qxc7 Ng4 12. Qg3 e6 13. Nb5
Qe4+ 14. Kf1 Rd1+ 15. Qe1 Rxe1# 0-1

[Event "Flint (MI Jr/3/9)"]
[Site "?"]
[Date "1996.??.??"]
[Round "?"]
[White "Farraj, R."]
[Black "Fowler, B."]
[Result "1/2-1/2"]
[WhiteElo "1605"]
[BlackElo "1605"]
[PlyCount "27"]
[EventDate "1996.??.??"]

{3/(9)} 1. e3 e5 2. d4 exd4 3. exd4 d5 4. Bf4 Nf6 5. Nc3 Bb4 6. Qe2+ Be6 7.
Qb5+ Nc6 8. Qxb7 Bd7 9. Bxc7 Qc8 10. Ba6 Ne4 11. Nge2 O-O 12. O-O Bxc3 13. bxc3
Nf6 14. Rab1 1/2-1/2

[Event "Flint (MI Jr/4/9)"]
[Site "?"]
[Date "1996.??.??"]
[Round "?"]
[White "Farraj, R."]
[Black "Boyle, John"]
[Result "0-1"]
[WhiteElo "1605"]
[BlackElo "1605"]
[PlyCount "120"]
[EventDate "1996.??.??"]

{4/(9)} 1. e3 c5 2. d4 cxd4 3. exd4 Nf6 4. Bf4 g6 5. Bd3 Bg7 6. Qd2 O-O 7. Bh6
d5 8. Nf3 Nc6 9. Bxg7 Kxg7 10. c4 Bg4 11. Ne5 Bd7 12. Nxc6 Bxc6 13. cxd5 Bxd5
14. O-O Rc8 15. Nc3 Bc4 16. Bxc4 Rxc4 17. Nb5 a6 18. b3 Rc6 19. Na3 Rd6 20.
Rad1 e5 21. Nc4 Rxd4 22. Qe2 b5 23. Nxe5 Re8 24. Rxd4 Qxd4 25. Nf3 Rxe2 26.
Nxd4 Rxa2 27. f3 Nd5 28. Re1 Nf4 29. g3 Nh3+ 30. Kh1 Nf2+ 31. Kg1 Rd2 32. Ra1
Nh3+ 33. Kh1 Rxd4 34. Rxa6 Rb4 35. f4 Nf2+ 36. Kg2 Ne4 37. Rc6 Rxb3 38. Kf1 Rc3
39. Rb6 Rc5 40. Ke2 Nc3+ 41. Kd3 Na2 42. g4 b4 43. Ra6 Rc3+ 44. Kd2 Ra3 45. Rc6
b3 46. Rb6 h5 47. g5 Ra4 48. Rxb3 Rxf4 49. Ke3 Rf5 50. h4 Ra5 51. Kd2 Ra4 52.
Rb2 Rxh4 53. Ke3 Nc3 54. Kf3 Rg4 55. Rb3 Ne4 56. Ke2 Nxg5 57. Re3 h4 58. Kf2 h3
59. Re2 h2 60. Re1 Nf3 0-1

[Event "Detroit (MEX/1/8)"]
[Site "?"]
[Date "1996.??.??"]
[Round "?"]
[White "Everett, Morgan"]
[Black "Moody, David"]
[Result "1/2-1/2"]
[WhiteElo "2140"]
[BlackElo "2000"]
[PlyCount "89"]
[EventDate "1996.??.??"]

{1/(8)} 1. e4 e5 2. Nf3 Nc6 3. d4 exd4 4. c3 d5 5. exd5 Qxd5 6. Be2 Nf6 7. cxd4
Bb4+ 8. Nc3 O-O 9. O-O Bxc3 10. bxc3 Bg4 11. c4 Qe4 12. Be3 Rad8 13. Qb3 Bxf3
14. Bxf3 Nxd4 15. Bxe4 Nxb3 16. axb3 Nxe4 17. Rxa7 Rb8 18. Bf4 Nc5 19. Bxc7 Ra8
20. Rxa8 Rxa8 21. g3 Nxb3 22. Rb1 Ra1 23. Rxa1 Nxa1 24. Kf1 Nb3 25. Ke2 Kf8 26.
Bb6 Ke7 27. Kd3 Kd6 28. Kc3 Kc6 29. Bd4 Nxd4 30. Kxd4 Kd6 31. c5+ Kc6 32. f4 b5
33. cxb6 Kxb6 34. Kd5 Kc7 35. g4 Kd7 36. f5 Ke7 37. g5 f6 38. h4 fxg5 39. hxg5
h5 40. Ke5 Kf7 41. Kf4 g6 42. f6 Ke6 43. Ke4 Kf7 44. Kd5 Kf8 45. Ke4 1/2-1/2

[Event "Detroit (MEX/3/7)"]
[Site "?"]
[Date "1996.??.??"]
[Round "?"]
[White "Everett, Morgan"]
[Black "Cole, D."]
[Result "1-0"]
[WhiteElo "2140"]
[BlackElo "2045"]
[PlyCount "141"]
[EventDate "1996.??.??"]

{3/(7)} 1. e4 e5 2. Nf3 d6 3. d4 Nf6 4. Nc3 Nbd7 5. Bc4 Be7 6. O-O O-O 7. Qe2
c6 8. dxe5 dxe5 9. a4 a5 10. Rd1 Qc7 11. Bg5 Nc5 12. Bh4 Be6 13. Rd2 Rfd8 14.
Rxd8+ Rxd8 15. Ng5 Bxc4 16. Qxc4 Bf8 17. Bg3 Re8 18. Rd1 h6 19. Nf3 Nh5 20. Nh4
Nxg3 21. hxg3 Ne6 22. Nf5 Rd8 23. Qe2 Nd4 24. Nxd4 exd4 25. Qd3 Be7 26. Ne2 Bf6
27. Qc4 Qb6 28. b3 Re8 29. Qd3 c5 30. Nf4 Bd8 31. Nd5 Qe6 32. f3 g6 33. Qc4 Qd6
34. Kf2 Kg7 35. Qb5 Qc6 36. Qxc6 bxc6 37. Nf4 h5 38. Nd3 Be7 39. Nb2 Rh8 40.
Rh1 Rd8 41. Ke2 Bd6 42. f4 f6 43. Nc4 Bc7 44. Kd3 Rb8 45. Re1 h4 46. e5 hxg3
47. exf6+ Kxf6 48. Ne5 Kf5 49. Nd7 Rh8 50. Nxc5 Rh2 51. Re2 Rh4 52. Ne4 Bxf4
53. Kxd4 Be5+ 54. Kd3 Rh2 55. c3 Rh1 56. Kc4 Rh4 57. Kd3 Rh1 58. Re3 Kg4 59.
Nd2 Bf4 60. Re2 Bxd2 61. Kxd2 Ra1 62. Kd3 Rc1 63. b4 Rd1+ 64. Rd2 Ra1 65. b5
cxb5 66. axb5 Rb1 67. c4 Kf5 68. Ra2 Ke5 69. Rxa5 Rb2 70. b6+ Kd6 71. Rb5 1-0

[Event "Howell (US Am N/4/17)"]
[Site "?"]
[Date "1996.??.??"]
[Round "?"]
[White "Evans Sr., Thomas"]
[Black "Wright, Ken"]
[Result "0-1"]
[WhiteElo "1870"]
[BlackElo "1615"]
[PlyCount "53"]
[EventDate "1996.??.??"]

{4/(17)} 1. e4 e6 2. Nf3 b6 3. d4 Bb7 4. Bd3 Ne7 5. c4 Ng6 6. O-O Be7 7. Nc3 d6
8. Re1 Nh4 9. Nxh4 Bxh4 10. Qg4 g6 11. Bh6 Nc6 12. Ne2 Bf6 13. Be3 h5 14. Qf3
Qe7 15. a3 g5 16. g3 g4 17. Qg2 Kd7 18. f4 h4 19. Kf2 Rh5 20. Rh1 Rah8 21. Rad1
Kc8 22. d5 Na5 23. b4 exd5 24. exd5 Nb3 25. Rb1 Na1 26. Nd4 hxg3+ 27. hxg3 {
[Remainder illegible; 0-1, 39?]} 0-1

[Event "Kalamazoo (MI Am/4/4)"]
[Site "?"]
[Date "1996.??.??"]
[Round "?"]
[White "Evans Sr., Thomas"]
[Black "Vandivier, Don"]
[Result "1-0"]
[WhiteElo "1860"]
[BlackElo "1905"]
[PlyCount "75"]
[EventDate "1996.??.??"]

{4/(4)} 1. e4 c5 2. Nf3 d6 3. Bc4 Nc6 4. O-O e6 5. d4 cxd4 6. Nxd4 Nf6 7. Nxc6
bxc6 8. Qf3 Be7 9. e5 Nd5 10. exd6 Bxd6 11. Nc3 O-O 12. Ne4 Be5 13. c3 Qc7 14.
Ng3 f5 15. Bd2 Rb8 16. Rab1 g6 17. Bh6 Bg7 18. Bxg7 Qxg7 19. Ne2 Qf6 20. Nd4
Bb7 21. Qe2 e5 22. Nf3 e4 23. Nd4 Kg7 24. f3 exf3 25. Qxf3 Nb6 26. Ne6+ Kh8 27.
Nxf8 Qxf8 28. Bb3 c5 29. Qf4 Re8 30. Rbe1 Rxe1 31. Rxe1 c4 32. Qd4+ Kg8 33.
Bxc4+ Nxc4 34. Qxc4+ Kh8 35. Qb5 Be4 36. Qe5+ Kg8 37. Rd1 Qc8 38. Qe7 1-0

[Event "Howell (US Am N/1/37)"]
[Site "?"]
[Date "1996.??.??"]
[Round "?"]
[White "Evans Sr., Thomas"]
[Black "Sundeen, David"]
[Result "0-1"]
[WhiteElo "1605"]
[BlackElo "1705"]
[PlyCount "68"]
[EventDate "1996.??.??"]

{1/(37)} 1. e4 e5 2. Nf3 Nf6 3. Nc3 Nc6 4. Bc4 Bb4 5. d3 O-O 6. O-O Bxc3 7.
bxc3 d5 8. exd5 Nxd5 9. Bb2 Bg4 10. d4 e4 11. h3 exf3 12. hxg4 fxg2 13. Kxg2
Nf4+ 14. Kg3 Qd6 15. Bc1 Nd5+ 16. Kg2 Nxc3 17. Qf3 Qxd4 18. Bd3 Ne5 19. Bxh7+
Kxh7 20. Qh3+ Kg8 21. f3 Nxg4 22. fxg4 Qe4+ 23. Kf2 Qe2+ 24. Kg1 Qxc2 25. Ba3
Ne2+ 26. Kh1 Qc6+ 27. Rf3 Nd4 28. Bxf8 Nxf3 29. Be7 Ng5+ 30. Qg2 Qxg2+ 31. Kxg2
f6 32. Rd1 Ne6 33. Kf3 Kf7 34. Rd7 Ke8 0-1